[Event "48th Groningen Open A"]
[Site "Groningen NED"]
[Date "2011.12.24"]
[Round "4.16"]
[White "Thesing, Matthias"]
[Black "De Jong, Migchiel"]
[Result "1/2-1/2"]
[WhiteElo "2409"]
[BlackElo "2367"]
[PlyCount "45"]
[EventDate "2011.12.21"]

1. e4 e6 2. d4 d5 3. exd5 exd5 4. Nf3 Nf6 5. Bd3 c5 6. O-O c4 7. Re1+ Be7 8.
Bf1 O-O 9. Ne5 Nc6 10. Bg5 h6 11. Bh4 Bf5 12. c3 g5 13. Bg3 Ne4 14. Nd2 Nxg3
15. hxg3 Nxe5 16. Rxe5 Qd7 17. Qf3 Be6 18. Rae1 Rae8 19. Nxc4 dxc4 20. d5 Bc5
21. Qf6 Bxd5 22. Rxg5+ hxg5 23. Qxg5+ 1/2-1/2

[Event "48th Groningen Open A"]
[Site "Groningen NED"]
[Date "2011.12.24"]
[Round "4.17"]
[White "Pel, Bonno"]
[Black "Bijlsma, Nick"]
[Result "1/2-1/2"]
[WhiteElo "2292"]
[BlackElo "2150"]
[PlyCount "96"]
[EventDate "2011.12.21"]

1. g3 g6 2. Bg2 Bg7 3. f4 c5 4. Nf3 Nc6 5. O-O d6 6. e4 f5 7. exf5 Bxf5 8. Nh4
Nf6 9. Nxf5 gxf5 10. c3 Qd7 11. d3 h5 12. Nd2 h4 13. gxh4 Ng4 14. Nf3 O-O-O 15.
Bd2 e5 16. Qa4 Rde8 17. Rae1 d5 18. fxe5 Ngxe5 19. Nxe5 Bxe5 20. Bh3 Kb8 21.
Bxf5 Qd6 22. Bf4 d4 23. Bxe5 Nxe5 24. Kh1 Ref8 25. Be4 Ng4 26. Rxf8+ Rxf8 27.
Re2 Qf4 28. Qd1 Nf2+ 29. Rxf2 Qxf2 30. h5 Qh4 31. cxd4 Rf2 32. Qg1 Qf6 33. Qg8+
Kc7 34. Qh7+ Kd6 35. dxc5+ Kxc5 36. Qc7+ Kd4 37. Qc3+ Ke3 38. Qxf6 Rxf6 39. Kg2
Kf4 40. b3 Kg5 41. Bxb7 Kxh5 42. Bd5 Kh4 43. Bc4 Kg4 44. b4 Kf4 45. a4 Rg6+ 46.
Kh1 Kf3 47. h3 Kf2 48. a5 Rg1+ 1/2-1/2

[Event "48th Groningen Open A"]
[Site "Groningen NED"]
[Date "2011.12.24"]
[Round "4.18"]
[White "Lyell, Mark"]
[Black "Meng, Roger"]
[Result "1-0"]
[WhiteElo "2189"]
[BlackElo "2283"]
[PlyCount "67"]
[EventDate "2011.12.21"]

1. e4 e6 2. d4 d5 3. Nc3 Nc6 4. e5 Nge7 5. Nce2 Nf5 6. c3 Na5 7. Ng3 Be7 8. Nf3
b6 9. Nxf5 exf5 10. Bd3 Be6 11. Qc2 Qd7 12. Bg5 Nc6 13. Bb5 a6 14. Qa4 axb5 15.
Qxa8+ Nd8 16. Bxe7 Qxe7 17. a4 b4 18. a5 bxc3 19. bxc3 bxa5 20. O-O g5 21. Rfb1
g4 22. Ne1 f4 23. Rb8 g3 24. Nf3 Bg4 25. Qc6+ Bd7 26. Qxc7 gxh2+ 27. Kxh2 Rg8
28. Qxa5 Rg6 29. Qb4 Qe6 30. Raa8 Rxg2+ 31. Kxg2 Qg6+ 32. Kf1 Bh3+ 33. Ke1 Qe4+
34. Kd2 1-0

[Event "48th Groningen Open A"]
[Site "Groningen NED"]
[Date "2011.12.24"]
[Round "4.19"]
[White "Theulings, Paul-Peter"]
[Black "Rietveld, Renze"]
[Result "1/2-1/2"]
[WhiteElo "2128"]
[BlackElo "2264"]
[PlyCount "53"]
[EventDate "2011.12.21"]

1. Nf3 Nf6 2. c4 c6 3. Nc3 d5 4. d4 e6 5. Bg5 h6 6. Bh4 g5 7. Bg3 dxc4 8. e4 b5
9. Be2 Bb7 10. O-O Nbd7 11. d5 cxd5 12. exd5 Nxd5 13. Nxb5 Qb6 14. Bxc4 Rc8 15.
Qe2 Nf4 16. Bxf4 gxf4 17. Nbd4 Rg8 18. Rad1 Rg6 19. Bb5 Rd8 20. Rfe1 Bb4 21.
Qe5 Bxe1 22. Rxe1 Kf8 23. Qh8+ Rg8 24. Qxh6+ Rg7 25. Qh8+ Rg8 26. Qh6+ Rg7 27.
Qh8+ 1/2-1/2

[Event "48th Groningen Open A"]
[Site "Groningen NED"]
[Date "2011.12.24"]
[Round "4.20"]
[White "Nuri, Kambez"]
[Black "Dehn, Marcus"]
[Result "1-0"]
[WhiteElo "2256"]
[BlackElo "2134"]
[PlyCount "73"]
[EventDate "2011.12.21"]

1. e4 g6 2. d4 c6 3. Nc3 d5 4. h3 dxe4 5. Nxe4 Bf5 6. Ng3 Be6 7. Nf3 Bg7 8. Be2
c5 9. c3 cxd4 10. Nxd4 Bxd4 11. cxd4 Nc6 12. Be3 Bd5 13. O-O h5 14. Bd3 e6 15.
a3 Nh6 16. Re1 Kf8 17. Be4 Nf5 18. Bxf5 exf5 19. Qd2 Kg7 20. b4 Qd7 21. Rac1
Nd8 22. Ne2 Ne6 23. Nf4 Nxf4 24. Bxf4 Rac8 25. Rc5 Rhe8 26. Rxe8 Rxe8 27. Be5+
Kh7 28. Qg5 Qd8 29. h4 Be6 30. Rc7 Qd5 31. Qf6 Rg8 32. Re7 a6 33. Re8 Qxe5 34.
Qxe5 Rxe8 35. d5 Bd7 36. Qc7 Re1+ 37. Kh2 1-0

[Event "48th Groningen Open A"]
[Site "Groningen NED"]
[Date "2011.12.24"]
[Round "4.21"]
[White "Maris, Ivo"]
[Black "Meurs, Tom"]
[Result "0-1"]
[WhiteElo "2022"]
[BlackElo "2247"]
[PlyCount "38"]
[EventDate "2011.12.21"]

1. e4 e5 2. Nc3 Nf6 3. f4 d5 4. fxe5 Nxe4 5. Qf3 f5 6. d3 Nxc3 7. bxc3 d4 8.
Ne2 Nc6 9. Qg3 dxc3 10. a3 Qd5 11. Bf4 Be6 12. Kd1 Qa5 13. Qe1 Bb4 14. Bc1
O-O-O 15. Nf4 Bb3 16. axb4 Bxc2+ 17. Kxc2 Nd4+ 18. Kxc3 Qxa1+ 19. Kd2 Qa2+ 0-1

[Event "48th Groningen Open A"]
[Site "Groningen NED"]
[Date "2011.12.24"]
[Round "4.23"]
[White "Clemens, Adrian"]
[Black "Cako, Laszlo"]
[Result "1/2-1/2"]
[WhiteElo "2226"]
[BlackElo "2111"]
[PlyCount "66"]
[EventDate "2011.12.21"]

1. d4 Nf6 2. c4 e6 3. Nf3 b6 4. g3 Ba6 5. Qa4 Bb7 6. Bg2 c5 7. dxc5 bxc5 8. O-O
Be7 9. Nc3 O-O 10. Rd1 d6 11. Bf4 Qb6 12. Rab1 Ne4 13. Qc2 f5 14. Ne1 Nc6 15.
Nxe4 Nb4 16. Qb3 fxe4 17. a3 g5 18. Bxd6 Bxd6 19. axb4 cxb4 20. e3 a5 21. Qc2
b3 22. Qe2 Qc5 23. Qg4 Qe5 24. Nd3 exd3 25. Bxb7 Ra7 26. Qe4 Qf6 27. Rd2 Bb4
28. Rxd3 Qxf2+ 29. Kh1 Rf7 30. Rd8+ Bf8 31. Bc8 Rae7 32. Bxe6 Rxe6 33. Qxe6
Qf3+ 1/2-1/2

[Event "48th Groningen Open A"]
[Site "Groningen NED"]
[Date "2011.12.24"]
[Round "4.24"]
[White "Heemskerk, Wim"]
[Black "Andraschko, Felix"]
[Result "1-0"]
[WhiteElo "2264"]
[BlackElo "2103"]
[PlyCount "51"]
[EventDate "2011.12.21"]

1. Nf3 c5 2. c4 Nc6 3. g3 e5 4. Nc3 g6 5. Bg2 Bg7 6. O-O d6 7. a3 Nge7 8. b4
O-O 9. Rb1 Rb8 10. d3 b6 11. Bg5 f6 12. Bd2 Be6 13. Qa4 Qd7 14. Rfc1 h6 15. Ne1
f5 16. Nd5 Rbd8 17. Nc2 Bxd5 18. cxd5 Nb8 19. Qxd7 Rxd7 20. e4 Rc8 21. Ne3 Kf7
22. Bh3 Kf6 23. f4 Na6 24. Nc4 cxb4 25. axb4 b5 26. Nxd6 1-0

[Event "48th Groningen Open A"]
[Site "Groningen NED"]
[Date "2011.12.24"]
[Round "4.25"]
[White "Duijker, Rick"]
[Black "Knol, Geon"]
[Result "1-0"]
[WhiteElo "2204"]
[BlackElo "2152"]
[PlyCount "103"]
[EventDate "2011.12.21"]

1. c4 Nf6 2. Nc3 d5 3. cxd5 Nxd5 4. g3 Nxc3 5. bxc3 e5 6. Bg2 Bc5 7. Nf3 Nc6 8.
d3 O-O 9. O-O h6 10. Rb1 Bb6 11. Ba3 Re8 12. Nd2 Be6 13. c4 Qc8 14. Re1 Ba5 15.
Rb5 a6 16. Rb2 Rb8 17. Qa4 Bxd2 18. Rxd2 Bd7 19. Qd1 Nd4 20. e3 Ne6 21. Bb2 Ng5
22. h4 Nh7 23. Qa1 f6 24. d4 e4 25. Qb1 Bf5 26. d5 Bg6 27. Kh2 b6 28. Rd4 Qf5
29. Qc2 Qh5 30. Qe2 Qxe2 31. Rxe2 Nf8 32. Bh3 Rbd8 33. Rdd2 Bh5 34. Re1 Nd7 35.
Bd4 Ne5 36. Bxe5 Rxe5 37. g4 Be8 38. Rd4 b5 39. Red1 Kf8 40. Kg3 h5 41. Bg2
bxc4 42. Rxc4 g5 43. Rxe4 gxh4+ 44. Kxh4 Rg5 45. Bf3 Rd7 46. Rf4 Kg7 47. gxh5
Rd6 48. Rg4 Kh6 49. Rxg5 fxg5+ 50. Kg3 Bf7 51. e4 Rf6 52. Rc1 1-0

[Event "48th Groningen Open A"]
[Site "Groningen NED"]
[Date "2011.12.24"]
[Round "4.26"]
[White "Sparenberg, Erik"]
[Black "Kerigan, Demre"]
[Result "0-1"]
[WhiteElo "2162"]
[BlackElo "2192"]
[PlyCount "104"]
[EventDate "2011.12.21"]

1. e4 d6 2. d4 Nf6 3. Nc3 g6 4. Nf3 Bg7 5. Be2 O-O 6. O-O Bg4 7. Be3 Nc6 8. h3
Bxf3 9. Bxf3 Nd7 10. Be2 e5 11. d5 Nd4 12. Bd3 c6 13. Qd2 f5 14. f3 Nf6 15.
Rad1 Nh5 16. a4 Ng3 17. Rfe1 f4 18. Bf2 Qh4 19. Bf1 h5 20. Ne2 c5 21. Nc1 Bh6
22. c3 Qxh3 23. Bxd4 Qh1+ 24. Kf2 Qh4 25. Kg1 Qh1+ 26. Kf2 Qh4 27. Kg1 Bg5 28.
Bc4 cxd4 29. cxd4 Qh1+ 30. Kf2 Qh2 31. Rg1 Qh4 32. Qe1 exd4 33. e5 Rae8 34. e6
Rf5 35. Nd3 Qh2 36. Rh1 Nxh1+ 37. Qxh1 Qxh1 38. Rxh1 Re7 39. b3 Rh7 40. Rd1 Bd8
41. Kf1 Bh4 42. Rd2 Rc7 43. Re2 Bf6 44. Nf2 Kf8 45. Ne4 Ke7 46. Nxf6 Kxf6 47.
Rd2 Re5 48. Rxd4 g5 49. Kf2 Rc5 50. b4 Rc7 51. a5 Re3 52. g3 Ke5 0-1

[Event "48th Groningen Open A"]
[Site "Groningen NED"]
[Date "2011.12.24"]
[Round "4.27"]
[White "Kappus, Stephan"]
[Black "Vogel, Jaap"]
[Result "1/2-1/2"]
[WhiteElo "2093"]
[BlackElo "2169"]
[PlyCount "28"]
[EventDate "2011.12.21"]

1. e4 e6 2. d4 d5 3. Nd2 Nf6 4. e5 Nfd7 5. Bd3 c5 6. c3 Nc6 7. Ne2 cxd4 8. cxd4
f6 9. exf6 Nxf6 10. Nf3 Bd6 11. O-O Qc7 12. h3 O-O 13. Nc3 a6 14. Re1 Bd7
1/2-1/2